| 000 | 01167nam0a2200313 4500 | ||
|---|---|---|---|
| 001 | RU\NLR\bibl\1525226 | ||
| 005 | 20250616032214.0 | ||
| 010 |
_a978-5-17-053950-5 _bАСТ |
||
| 010 |
_a978-5-271-21065-5 _93000 _bАстрель |
||
| 021 |
_aRU _b2010-36832 _92466 |
||
| 035 | _a(NLR Aleph) 001516575 | ||
| 090 |
_a113822 _c113822 |
||
| 100 | _a20100621d2010 |||y0rusy50 ca | ||
| 101 | 1 |
_arus _ceng |
|
| 102 | _aRU | ||
| 105 | _aa ||||||||| | ||
| 200 | 1 |
_a4000 узоров, декоративных мотивов и орнаментов _e[альбом] _fГрэхем Лесли Маккэлэм _g[пер. с англ. Т.М. Котельниковой] |
|
| 210 |
_aМосква _cАСТ _cАстрель _d2010 |
||
| 215 |
_a256 с. _cил. _d22 |
||
| 300 | _aНа обл. авт. не указан | ||
| 320 | _aУказ.: с. 248-256 | ||
| 606 | 1 |
_aОрнамент растительный _jАльбомы _91837074 _3RU\NLR\auth\66831232 |
|
| 686 | _aЩ124.42 | ||
| 700 | 1 |
_aМаккэлэм _bГ. Л. _gГрэхем Лесли _4070 |
|
| 801 | 0 |
_aRU _bNLR _c20100621 _gRCR |
|
| 801 | 1 |
_aRU _bNLR _c20100621 |
|
| 942 | _cBOOK | ||
| 980 | _aNB | ||